Datum a čas kvízu
14.5
Celkem bodů
Celkový počet nahraných bodů na tomto kvízu bez doplňovacích otázek.
8.
Pořadí na kvízu
Konečné umístění týmu na tomto kvízu.
Zaznamenané odpovědi
| # | Otázka | Odpověď | Body | Výsledky |
|---|---|---|---|---|
| 1. | Sociální demokracii opustila p... | o Bohuslava Sobotku | 0 | |
| 2. | Na černé listině se ocitla žen... | špinavé plínky | 0 | |
| 3. | Český rozhlas v minulém týdnu... | Český rozhlas Pohoda | 0 | |
| 4. | Pokud byste měli volných 12 mi... | Kersko | 1 | |
| 5. | Česká olympijská výprava přišl... | Zuzana Hejnová | 0 | |
| 6. | V našem tématu se podíváme na... | A | 0 | |
| 7. | Neutrální oslovení „to“ v posl... | Demi Lovato | 0 | |
| 8. | Samotné slovo „to“ je v českém... | číslo, pád, druh | 0.5 | |
| 9. | Doména .cz je určena pro počít... | Tongo | 0 | |
| 10. | Toto je americká kapela založe... | Africa | 0 |